Los principios procesales de la justicia civil en Iberoamřica

Detalles Bibliográficos
Autor principal: Mitidiero, Daniel
Formato: eBook
Lenguaje:español
Publicado: Lima: Palestra Editores, 2018
Materias:
Acceso en línea:Acceso restringido

MARC

LEADER 00000nam a22000007a 4500
005 20190904221535.0
007 cr|||| ||||
008 190904s2018 pe |||||s|||| 00||0 spa d
020 |a 978-612-325-044-7 
035 |a 24193 
040 |a vLex 
090 |c 9393  |d 9393 
100 1 |a Mitidiero, Daniel 
245 1 3 |a Los principios procesales de la justicia civil en Iberoamřica  |h [Recurso electrn̤ico] /  |c Daniel Mitidiero 
256 |a Servicio en ln̕ea 
260 |a Lima:  |b Palestra Editores,  |c 2018 
300 |a 1 recurso electrn̤ico 
506 1 |a Disponible solo en los productos indicados  |d vLex Global  |d vLex Global (Academic Edition, excluding Law Schools)  |d vLex Global (U.S. Academic Edition, Law Schools)  |d vLex Global (U.S. Academic Edition, excluding Law Schools)  |d vLex Global (Academic Edition, Law Schools) 
650 0 4 |a Procedimiento Civil  |z Per︢ 
740 0 |a vLex Libros (Servicio en ln̕ea) 
856 4 0 |u http://vlex.com/source/principios-procesales-justicia-civil-iberoamerica-24193  |z Acceso restringido 
942 |c BOOK 
999 0 |a Civil Procedure